00846nam a2200157 a 450000100100000000500170001000800410002704000250006811000770009324502180017026000820038830000280047004900090049895201640050799900170067100003054620200930062354.0110523q1936 dr c 000 | spa d aDO-SdBNPbspacBNPHU1 aRepública Dominicana.bPresidente (1942-1952 : Trujillo Molina)95716410aDiscurso pronunciado por el generalísimo Doctor Rafael Leónidas Trujillo Molina, Presidente de la República, benefactor de la patria, en la gran Revista celebrada en Monseñor Nouel, el 28 de junio de 1936. aCiudad Trujillo, República Dominicana :bImprenta Listín Diario,c[1936]. a8 p. :bretr. ;c22 cm. aBNPD 001050718RVaPDbPDcCTd2011-05-23iLF1l0o p30546-10r2020-06-25w2020-06-25y1zPerteneció a la biblioteca personal de Martínez Boog.ZNo se presta c30038d30038